000 00429nam a2200157Ia 4500
008 230917s9999||||xx |||||||||||||| ||und||
040 _e136219
_aMAIN
041 _aEnglish
082 _a346.022 K141C(11)
100 _aKapoor, S.K
245 0 _aContract-II; alongwith sale of goods act and Indian partnership act
250 _a11th ed.
260 _aAllahabad
_bCentral law
_c2007
300 _axxxiv, 366p p.
942 _cBK
999 _c140365
_d140365